NLSUI OPAC header image

Welfare, incentives, and taxation / (Record no. 35963)

MARC details
000 -LEADER
fixed length control field 01961nam a2200229Ia 4500
003 - CONTROL NUMBER IDENTIFIER
control field OSt
005 - DATE AND TIME OF LATEST TRANSACTION
control field 20260420170117.0
008 - FIXED-LENGTH DATA ELEMENTS--GENERAL INFORMATION
fixed length control field 160316s2006 xxu||||| |||| 00| 0 eng d
020 ## - INTERNATIONAL STANDARD BOOK NUMBER
International Standard Book Number 9780195686500 (hbk)
082 ## - DEWEY DECIMAL CLASSIFICATION NUMBER
Classification number 330.1 MIR
100 ## - MAIN ENTRY--PERSONAL NAME
Personal name Mirrlees James A.
245 ## - TITLE STATEMENT
Title Welfare, incentives, and taxation /
Statement of responsibility, etc. James A. Mirrlees
260 ## - PUBLICATION, DISTRIBUTION, ETC.
Place of publication, distribution, etc. New Delhi :
Name of publisher, distributor, etc. Oxford University Press,
Date of publication, distribution, etc. 2006.
300 ## - PHYSICAL DESCRIPTION
Extent xii, 565 p. ;
Dimensions 22 cm.
365 ## - TRADE PRICE
Price amount Rs. 775.00
505 ## - FORMATTED CONTENTS NOTE
Formatted contents note Part I: Welfare Economics;<br/>1:Information and Incentives: The Economics of Carrots and Sticks;<br/>2:Notes on Welfare Economics, Information, and Uncertainty;<br/>3:The Desirability of Natural Resource Depletion, with John A. Kay;<br/>4:The Economic Uses of Utilitarianism;<br/>5:Welfare Economics and Economies of Scale;<br/><br/>Part II: Tax Theory;<br/>6:An Exploration in the Theory of Optimum Income Taxation;<br/>7:On Producer Taxation;<br/>8:The Optimum Town;<br/>9:Population Policy and the Taxation of Family Size;<br/>10:Optimal Tax Theory: A Synthesis;<br/>11:The Theory of Optimal Taxation;<br/>12:Migration and Optimal Income Taxes;<br/>13:Taxing Uncertain Incomes;<br/><br/>Part III: Public Expenditure;<br/>14:Arguments for Public Expenditure;<br/>15:Optimal Taxation and Government Finance;<br/><br/>Part IV: Contract Theory;<br/>16:The Optimal Structure of Incentives and Authority within an Organization;<br/>17:The Theory of Moral Hazard and Unobservable Behaviour: Part I;<br/><br/>Part V: Growth Theory;<br/>18:The Dynamic Nonsubstitution Theorem;<br/>19:Agreeable Plans, with Peter J. Hammond;<br/>20:Fairly Good Plans, With Avinash Dixit and Nicholas Stern;<br/>21:Optimum Saving with Economies of Scale;<br/><br/>Part VI: Development Economics;<br/>22:A Pure Theory of Underdeveloped Economies;<br/>23:Project Appraisal and Planning Twenty Years On: Appendix, With Ian Little.<br/>
650 ## - SUBJECT ADDED ENTRY--TOPICAL TERM
Topical term or geographic name entry element Welfare Economics - Finance - Public
650 ## - SUBJECT ADDED ENTRY--TOPICAL TERM
Topical term or geographic name entry element Welfare Economics - Mathematical Models
650 ## - SUBJECT ADDED ENTRY--TOPICAL TERM
Topical term or geographic name entry element Development Economics
700 ## - ADDED ENTRY--PERSONAL NAME
Personal name
--
942 ## - ADDED ENTRY ELEMENTS (KOHA)
Source of classification or shelving scheme Dewey Decimal Classification
Koha item type BOOKs
Holdings
Withdrawn status Lost status Damaged status Not for loan Home library Current library Shelving location Date acquired Cost, normal purchase price Total Checkouts Full call number Barcode Date last seen Price effective from Koha item type
        . .   30.05.2017 775.00   330.1 MIR 31176 30.05.2017 30.05.2017 BOOKs